00650 2200205 4500001002100000005001700021008004100038035002500079040001200104082001800116084002200134090002200156245008900178260002800267300004000295500004900335650002800384700002000412850001200432INLIS00000000000247720150304113604.0  a0010-081400000102345 aYOPDYOG a305.895199222 a305.895199222 Met a305.895199222 Met aMETRO files : Hikayat barongsai [rekaman video]c/ editor, Ronald Tasliman...[et al] aJakartabMetro TVc2008 aDVDb: digtital, stereoc; 4 3/4 in aProgram Metro TV ; tanggal tayang 18/05/2008 aOrang Cina di Indonesia aRonald Tasliman aYOPDYOG